| 000 | 00810 a2200157 4500 | ||
|---|---|---|---|
| 003 | NUST | ||
| 005 | 20230102174501.0 | ||
| 040 | _cNust | ||
| 082 | _a371.8,ADA | ||
| 100 |
_aAdams, Sir John _9106654 |
||
| 245 |
_aThe students guide / _bThe E.U.P Books |
||
| 260 |
_aLondon _bHodder and stoughton ltd _c1945 |
||
| 300 | _a251,p; | ||
| 505 | _aTaking Oneself in hand (Page-9), Plan of Campaign (Page-36), Manipulation of the memory (Page-56), Nature of Study and Thinking (Page-76), Method of Study (Page-98), The Technique of Study Reading (Page-133), The Use of Tex-Book (Page-153), The Use of Book of Reference (Page-162), The Art of Listening (Page-182), Note-Making (Page-190), Constructive Study in Translation (Page-206), Essay-Writing (Page-216), Examinations (Page-227). | ||
| 942 |
_2ddc _cBK _k371.8,ADA |
||
| 999 |
_c193925 _d193925 |
||